[Event "Deutsche Ländermeisterschaft 2018"]
[Site "Würzburg GER"]
[Date "2018.10.03"]
[Round "1"]
[White "Lagunow, Raphael"]
[Black "Nothnagel, Marian Can"]
[Result "0-1"]
[Termination "normal"]
[Board "1.1"]
[WhiteTitle "FM"]
[WhiteElo "2403"]
[BlackElo "2341"]
[WhiteClock "00:19:38"]
[BlackClock "00:23:56"]
[WhiteTeam "Berlin"]
[BlackTeam "Hessen"]
[PlyCount "112"]
[WhiteFideId "24652644"]
[BlackFideId "12921530"]
[EventCountry "GER"]
[EventRounds "7"]
[EventType "team-swiss"]
[EventDate "2018.10.02"]

1. e4 {[%clk 1:30:55]} e5 {[%clk 1:30:45]} 2. Bc4 {[%clk 1:31:17]} Nc6 {[%clk
1:31:08]} 3. Nc3 {[%clk 1:30:52]} Nf6 {[%clk 1:31:26]} 4. d3 {[%clk 1:31:15]}
Na5 {[%clk 1:30:50]} 5. Qf3 {[%clk 1:31:37]} d6 {[%clk 1:26:16]} 6. h3 {[%clk
1:30:29]} Be7 {[%clk 1:20:28]} 7. Nge2 {[%clk 1:30:19]} Nxc4 {[%clk 1:18:57]}
8. dxc4 {[%clk 1:30:41]} Be6 {[%clk 1:19:23]} 9. b3 {[%clk 1:22:09]} Qd7 {[%clk
1:06:28]} 10. O-O Rg8 11. Ng3 {[%clk 1:09:35]} g5 {[%clk 1:03:36]} 12. Nd5
{[%clk 1:01:53]} Bxd5 {[%clk 0:55:24]} 13. cxd5 {[%clk 0:58:01]} g4 {[%clk
0:52:12]} 14. hxg4 {[%clk 0:55:57]} Qxg4 {[%clk 0:51:55]} 15. Re1 {[%clk
0:53:36]} h5 {[%clk 0:44:53]} 16. Kf1 {[%clk 0:52:34]} Qxf3 {[%clk 0:29:25]}
17. gxf3 {[%clk 0:52:53]} Kd7 {[%clk 0:28:02]} 18. Ke2 {[%clk 0:50:00]} Rh8
{[%clk 0:23:03]} 19. Rh1 {[%clk 0:42:33]} h4 {[%clk 0:20:59]} 20. Nf5 {[%clk
0:42:41]} Rh5 {[%clk 0:20:49]} 21. c4 {[%clk 0:38:02]} h3 {[%clk 0:20:20]} 22.
Rh2 {[%clk 0:36:02]} Rah8 {[%clk 0:14:59]} 23. Be3 {[%clk 0:35:52]} b6 {[%clk
0:14:17]} 24. b4 {[%clk 0:34:30]} Nh7 {[%clk 0:09:42]} 25. a4 {[%clk 0:32:20]}
Nf8 {[%clk 0:07:58]} 26. a5 {[%clk 0:28:29]} Bg5 {[%clk 0:06:34]} 27. c5 {[%clk
0:18:24]} bxc5 {[%clk 0:03:54]} 28. bxc5 {[%clk 0:18:46]} dxc5 {[%clk 0:02:58]}
29. a6 {[%clk 0:16:29]} Ng6 {[%clk 0:01:33]} 30. Rb1 {[%clk 0:15:31]} Bxe3
{[%clk 0:01:17]} 31. Nxe3 {[%clk 0:10:09]} Nf4+ {[%clk 0:01:42]} 32. Kd2 {[%clk
0:10:37]} R8h6 {[%clk 0:02:03]} 33. Ra1 {[%clk 0:06:31]} Rb6 {[%clk 0:01:47]}
34. Nc4 {[%clk 0:06:51]} Rb4 {[%clk 0:02:08]} 35. Na5 {[%clk 0:06:51]} Rh6
{[%clk 0:01:01]} 36. Nc6 {[%clk 0:06:46]} Rxc6 {[%clk 0:01:26]} 37. dxc6+
{[%clk 0:07:13]} Kxc6 {[%clk 0:01:50]} 38. Rg1 {[%clk 0:05:15]} Rb6 {[%clk
0:00:43]} 39. Rg7 {[%clk 0:05:19]} f6 {[%clk 0:01:05]} 40. Rf7 {[%clk 0:04:37]}
Kb5 {[%clk 0:01:13]} 41. Rxc7 {[%clk 0:01:26]} Rxa6 {[%clk 0:01:36]} 42. Rh1
{[%clk 0:00:56]} Ra2+ {[%clk 0:01:06]} 43. Kc3 {[%clk 0:28:48]} Ra3+ {[%clk
0:30:55]} 44. Kd2 {[%clk 0:26:56]} Rd3+ {[%clk 0:30:35]} 45. Kc2 {[%clk
0:25:48]} Rxf3 {[%clk 0:28:14]} 46. Rxa7 {[%clk 0:23:26]} Rxf2+ {[%clk
0:28:36]} 47. Kb3 {[%clk 0:23:31]} c4+ {[%clk 0:28:27]} 48. Ka3 {[%clk
0:23:50]} Rf3+ {[%clk 0:28:04]} 49. Ka2 {[%clk 0:24:06]} Kc5 {[%clk 0:25:23]}
50. Rd7 {[%clk 0:23:17]} Rd3 {[%clk 0:25:18]} 51. Rf7 {[%clk 0:23:19]} Rd6
{[%clk 0:25:31]} 52. Rc1 {[%clk 0:21:35]} Kd4 {[%clk 0:24:10]} 53. Rc7 {[%clk
0:21:51]} Kxe4 {[%clk 0:24:21]} 54. R7xc4+ {[%clk 0:20:38]} Kf5 {[%clk
0:23:28]} 55. R4c2 {[%clk 0:19:34]} Rd3 {[%clk 0:23:45]} 56. Rg1 {[%clk
0:19:38]} Re3 {[%clk 0:23:56]} 0-1

[Event "Deutsche Ländermeisterschaft 2018"]
[Site "Würzburg GER"]
[Date "2018.10.03"]
[Round "1"]
[White "Klühs, Gustaf"]
[Black "Flach, Helene"]
[Result "0-1"]
[Termination "normal"]
[Board "1.7"]
[WhiteElo "1775"]
[BlackElo "1844"]
[WhiteClock "01:18:25"]
[BlackClock "00:15:14"]
[WhiteTeam "Berlin"]
[BlackTeam "Hessen"]
[PlyCount "140"]
[WhiteFideId "16228936"]
[BlackFideId "12929735"]
[EventCountry "GER"]
[EventRounds "7"]
[EventType "team-swiss"]
[EventDate "2018.10.02"]

1. d4 {[%clk 1:30:30]} d5 {[%clk 1:30:47]} 2. c4 {[%clk 1:30:48]} e6 {[%clk
1:31:10]} 3. Nf3 {[%clk 1:31:16]} Nf6 {[%clk 1:31:31]} 4. g3 {[%clk 1:31:42]}
Bb4+ {[%clk 1:31:24]} 5. Bd2 {[%clk 1:32:07]} Be7 {[%clk 1:31:49]} 6. Bg2
{[%clk 1:32:33]} O-O {[%clk 1:32:12]} 7. O-O {[%clk 1:33:00]} c6 {[%clk
1:32:33]} 8. Qc2 {[%clk 1:33:18]} b6 {[%clk 1:32:37]} 9. Bc1 {[%clk 1:31:21]}
Nbd7 {[%clk 1:27:51]} 10. b3 {[%clk 1:31:40]} Ba6 {[%clk 1:23:36]} 11. Bb2
{[%clk 1:31:49]} Rc8 {[%clk 1:23:01]} 12. Nbd2 {[%clk 1:31:30]} c5 {[%clk
1:18:35]} 13. Rfc1 {[%clk 1:29:44]} dxc4 {[%clk 1:05:00]} 14. bxc4 {[%clk
1:29:36]} cxd4 {[%clk 0:57:42]} 15. Bxd4 {[%clk 1:29:02]} Qc7 {[%clk 0:40:54]}
16. Qa4 {[%clk 1:29:14]} Bb7 {[%clk 0:40:41]} 17. Rab1 {[%clk 1:26:15]} Bc6
{[%clk 0:39:42]} 18. Qc2 {[%clk 1:26:02]} Bc5 {[%clk 0:37:10]} 19. Nb3 {[%clk
1:26:06]} Be4 {[%clk 0:34:38]} 20. Qb2 {[%clk 1:24:32]} Bxb1 {[%clk 0:32:12]}
21. Qxb1 {[%clk 1:24:56]} Bxd4 {[%clk 0:29:26]} 22. Nfxd4 {[%clk 1:25:05]} Nc5
{[%clk 0:22:36]} 23. Nb5 {[%clk 1:24:06]} Qe7 {[%clk 0:21:09]} 24. N3d4 {[%clk
1:23:52]} a6 {[%clk 0:19:12]} 25. Nc3 {[%clk 1:22:43]} Nfd7 {[%clk 0:17:09]}
26. Nc6 {[%clk 1:21:59]} Qf6 {[%clk 0:16:47]} 27. Ne4 {[%clk 1:20:54]} Nxe4
{[%clk 0:15:44]} 28. Qxe4 {[%clk 1:21:15]} Rc7 {[%clk 0:14:50]} 29. Rd1 {[%clk
1:20:18]} Rfc8 {[%clk 0:14:27]} 30. Qb1 {[%clk 1:20:16]} Ne5 {[%clk 0:09:47]}
31. Nxe5 {[%clk 1:17:26]} Qxe5 {[%clk 0:10:13]} 32. Qxb6 {[%clk 1:17:24]} Qxe2
{[%clk 0:09:25]} 33. Rd4 {[%clk 1:17:09]} Qe5 {[%clk 0:08:54]} 34. Bb7 {[%clk
1:15:33]} Rf8 {[%clk 0:07:03]} 35. Re4 {[%clk 1:12:45]} Qc5 {[%clk 0:06:00]}
36. Qxc5 {[%clk 1:08:30]} Rxc5 {[%clk 0:06:25]} 37. Bxa6 {[%clk 1:08:53]} Ra5
{[%clk 0:06:29]} 38. Bb5 {[%clk 1:09:15]} Rxa2 {[%clk 0:06:29]} 39. c5 {[%clk
1:08:54]} Ra5 {[%clk 0:05:38]} 40. Rb4 {[%clk 1:08:50]} Rb8 {[%clk 0:05:41]}
41. c6 {[%clk 1:08:07]} Raxb5 {[%clk 0:05:55]} 42. Rc4 {[%clk 1:08:22]} Rc8
{[%clk 0:06:18]} 43. c7 {[%clk 1:08:46]} Rb7 {[%clk 0:06:43]} 44. Rd4 {[%clk
1:09:10]} Rbxc7 {[%clk 0:07:07]} 45. Kg2 {[%clk 1:09:35]} Kf8 {[%clk 0:07:28]}
46. h4 {[%clk 1:09:55]} Ke7 {[%clk 0:07:44]} 47. Rg4 {[%clk 1:10:15]} g6 {[%clk
0:07:58]} 48. h5 {[%clk 1:10:33]} Rc4 {[%clk 0:08:20]} 49. f4 {[%clk 1:10:48]}
R8c5 {[%clk 0:08:21]} 50. hxg6 {[%clk 1:11:08]} hxg6 {[%clk 0:08:31]} 51. Rh4
{[%clk 1:11:20]} Rh5 {[%clk 0:08:54]} 52. Rg4 {[%clk 1:11:39]} Kf6 {[%clk
0:08:32]} 53. Kg1 {[%clk 1:11:50]} Kf5 {[%clk 0:08:56]} 54. Rg5+ {[%clk
1:12:15]} Rxg5 {[%clk 0:09:21]} 55. fxg5 {[%clk 1:12:40]} Kxg5 {[%clk 0:09:47]}
56. Kf2 {[%clk 1:13:05]} Rc3 {[%clk 0:10:11]} 57. Kg2 {[%clk 1:13:28]} Kg4
{[%clk 0:10:33]} 58. Kf2 {[%clk 1:13:30]} Rxg3 {[%clk 0:10:52]} 59. Ke2 {[%clk
1:13:56]} f5 {[%clk 0:10:54]} 60. Kf2 {[%clk 1:14:20]} f4 {[%clk 0:11:19]} 61.
Ke2 {[%clk 1:14:40]} f3+ {[%clk 0:11:41]} 62. Ke1 {[%clk 1:15:01]} Rg2 {[%clk
0:12:00]} 63. Kf1 {[%clk 1:15:23]} Kg3 {[%clk 0:12:23]} 64. Ke1 {[%clk
1:15:42]} f2+ {[%clk 0:12:48]} 65. Kd2 {[%clk 1:16:05]} f1=Q+ {[%clk 0:13:10]}
66. Ke3 {[%clk 1:16:20]} Re2+ {[%clk 0:13:30]} 67. Kd4 {[%clk 1:17:07]} Qd1+
{[%clk 0:14:23]} 68. Kc3 {[%clk 1:17:32]} Rc2+ {[%clk 0:14:48]} 69. Kb3 {[%clk
1:17:59]} Qb1+ {[%clk 0:15:14]} 70. Ka3 {[%clk 1:18:25]} Ra2# 0-1

[Event "Deutsche Ländermeisterschaft 2018"]
[Site "Würzburg GER"]
[Date "2018.10.03"]
[Round "1"]
[White "Ewert, Hannes"]
[Black "Kuznecovs, Nikita"]
[Result "1/2-1/2"]
[Termination "normal"]
[Board "2.1"]
[WhiteTitle "FM"]
[WhiteElo "2314"]
[BlackElo "2186"]
[WhiteClock "00:16:05"]
[BlackClock "00:01:20"]
[WhiteTeam "Niedersachsen"]
[BlackTeam "Thüringen"]
[PlyCount "58"]
[WhiteFideId "12961574"]
[BlackFideId "11604557"]
[EventCountry "GER"]
[EventRounds "7"]
[EventType "team-swiss"]
[EventDate "2018.10.02"]

1. d4 {[%clk 1:30:54]} e6 {[%clk 1:30:49]} 2. Nf3 {[%clk 1:31:04]} Nf6 {[%clk
1:31:12]} 3. c4 {[%clk 1:31:15]} d5 {[%clk 1:31:32]} 4. g3 {[%clk 1:30:16]}
Bb4+ {[%clk 1:31:42]} 5. Bd2 {[%clk 1:30:12]} Be7 {[%clk 1:32:06]} 6. Bg2
{[%clk 1:29:40]} O-O {[%clk 1:32:30]} 7. Nc3 {[%clk 1:28:01]} dxc4 {[%clk
1:21:23]} 8. Qa4 {[%clk 1:11:40]} c6 {[%clk 1:20:46]} 9. Qxc4 {[%clk 1:11:33]}
b5 {[%clk 1:20:56]} 10. Qd3 {[%clk 1:08:00]} Nbd7 {[%clk 0:41:57]} 11. Rc1
{[%clk 0:56:07]} Bb7 {[%clk 0:34:18]} 12. Bg5 {[%clk 0:54:08]} h6 {[%clk
0:33:20]} 13. Bxf6 {[%clk 0:52:34]} Nxf6 {[%clk 0:26:50]} 14. Ne5 {[%clk
0:51:39]} Qb6 {[%clk 0:26:40]} 15. O-O {[%clk 0:50:40]} Rfd8 {[%clk 0:26:18]}
16. Rfd1 {[%clk 0:48:10]} Rac8 {[%clk 0:20:05]} 17. Ne4 {[%clk 0:46:16]} c5
{[%clk 0:10:19]} 18. Nxc5 {[%clk 0:43:05]} Bxc5 {[%clk 0:07:11]} 19. dxc5
{[%clk 0:41:54]} Qc7 {[%clk 0:05:29]} 20. Qe3 {[%clk 0:39:42]} Rxd1+ {[%clk
0:05:04]} 21. Rxd1 {[%clk 0:40:11]} Bxg2 {[%clk 0:05:19]} 22. Kxg2 {[%clk
0:40:27]} Nd5 {[%clk 0:04:01]} 23. Qd4 {[%clk 0:31:37]} Qxc5 {[%clk 0:03:47]}
24. e4 {[%clk 0:20:44]} Nf6 {[%clk 0:02:20]} 25. Qxc5 {[%clk 0:20:35]} Rxc5
{[%clk 0:02:47]} 26. Rd8+ {[%clk 0:20:59]} Kh7 {[%clk 0:03:11]} 27. Nd7 {[%clk
0:21:16]} Nxd7 {[%clk 0:01:00]} 28. Rxd7 {[%clk 0:21:44]} a5 {[%clk 0:00:52]}
29. Rxf7 {[%clk 0:16:05]} Rc2 {[%clk 0:01:20]} 1/2-1/2

[Event "Deutsche Ländermeisterschaft 2018"]
[Site "Würzburg GER"]
[Date "2018.10.03"]
[Round "1"]
[White "Nguyen, Huy Dat"]
[Black "Polster, Christian"]
[Result "0-1"]
[Termination "normal"]
[Board "2.2"]
[BlackTitle "FM"]
[WhiteElo "2194"]
[BlackElo "2294"]
[WhiteClock "00:21:41"]
[BlackClock "00:13:24"]
[WhiteTeam "Thüringen"]
[BlackTeam "Niedersachsen"]
[PlyCount "101"]
[WhiteFideId "12923486"]
[BlackFideId "12965081"]
[EventCountry "GER"]
[EventRounds "7"]
[EventType "team-swiss"]
[EventDate "2018.10.02"]

1. e4 {[%clk 1:30:30]} c5 {[%clk 1:30:30]} 2. Nf3 {[%clk 1:30:30]} d6 {[%clk
1:31:23]} 3. Bc4 Nf6 {[%clk 1:31:19]} 4. d3 {[%clk 1:32:16]} Nc6 {[%clk
1:31:04]} 5. c3 {[%clk 1:32:40]} e6 {[%clk 1:29:25]} 6. Bb3 Be7 {[%clk
1:27:33]} 7. Qe2 {[%clk 1:30:31]} O-O {[%clk 1:27:29]} 8. Nbd2 {[%clk 1:30:05]}
b5 {[%clk 1:23:02]} 9. Nf1 {[%clk 1:29:34]} Bb7 {[%clk 1:20:59]} 10. Ng3 {[%clk
1:28:51]} Ne5 {[%clk 1:14:13]} 11. Nxe5 {[%clk 1:24:27]} dxe5 {[%clk 1:14:28]}
12. O-O {[%clk 1:24:38]} Qb6 {[%clk 1:10:30]} 13. Kh1 {[%clk 1:22:14]} Bd6
{[%clk 0:39:45]} 14. f4 {[%clk 1:21:14]} exf4 {[%clk 0:34:59]} 15. Bxf4 {[%clk
1:21:20]} Bxf4 {[%clk 0:35:20]} 16. Rxf4 {[%clk 1:21:41]} e5 {[%clk 0:20:47]}
17. Rf2 {[%clk 1:21:04]} Bc8 {[%clk 0:16:51]} 18. Raf1 {[%clk 1:14:57]} Be6
{[%clk 0:12:02]} 19. Rxf6 {[%clk 1:10:50]} gxf6 {[%clk 0:11:48]} 20. Rxf6
{[%clk 1:10:21]} Qd8 {[%clk 0:01:16]} 21. Nh5 {[%clk 1:10:43]} Kh8 {[%clk
0:01:13]} 22. Qf3 {[%clk 1:04:01]} Rg8 {[%clk 0:00:44]} 23. Bxe6 {[%clk
0:54:57]} fxe6 {[%clk 0:00:49]} 24. h3 {[%clk 0:51:36]} Rf8 {[%clk 0:00:38]}
25. Qg3 {[%clk 0:51:36]} Qc7 {[%clk 0:01:01]} 26. Rxe6 {[%clk 0:51:32]} Rae8
{[%clk 0:00:41]} 27. Rxe8 Rxe8 {[%clk 0:01:04]} 28. Nf6 {[%clk 0:26:26]} Rf8
{[%clk 0:01:03]} 29. Ng4 {[%clk 0:24:56]} Rf4 {[%clk 0:00:32]} 30. Kh2 {[%clk
0:23:20]} c4 {[%clk 0:00:38]} 31. d4 {[%clk 0:22:01]} exd4 {[%clk 0:00:39]} 32.
cxd4 {[%clk 0:22:01]} Rf7 {[%clk 0:00:41]} 33. Ne5 {[%clk 0:22:02]} Rg7 {[%clk
0:00:47]} 34. Qf4 {[%clk 0:21:12]} Kg8 {[%clk 0:00:49]} 35. Qf5 {[%clk
0:18:44]} Re7 {[%clk 0:00:35]} 36. Qg5+ {[%clk 0:15:54]} Rg7 {[%clk 0:00:37]}
37. Qh5 {[%clk 0:16:06]} Kf8 {[%clk 0:00:37]} 38. Kh1 {[%clk 0:15:38]} b4
{[%clk 0:00:39]} 39. Qf5+ {[%clk 0:14:45]} Ke7 {[%clk 0:00:46]} 40. d5 {[%clk
0:13:42]} c3 {[%clk 0:00:34]} 41. bxc3 {[%clk 0:10:04]} bxc3 {[%clk 0:00:45]}
42. Nc6+ {[%clk 0:09:30]} Ke8 {[%clk 0:30:01]} 43. Qe6+ {[%clk 0:39:10]} Kf8
{[%clk 0:19:28]} 44. Qf6+ {[%clk 0:39:37]} Qf7 {[%clk 0:19:49]} 45. Qd8+ {[%clk
0:39:46]} Qe8 {[%clk 0:20:11]} 46. Qf6+ {[%clk 0:39:59]} Kg8 {[%clk 0:18:53]}
47. Qxc3 {[%clk 0:40:14]} Qxe4 {[%clk 0:19:14]} 48. Qd2 {[%clk 0:40:18]} h6
{[%clk 0:18:52]} 49. Nb4 {[%clk 0:30:48]} Rd7 {[%clk 0:14:53]} 50. Qc1 {[%clk
0:26:13]} Kh7 {[%clk 0:13:24]} 51. Qf1 {[%clk 0:21:41]} *

[Event "Deutsche Ländermeisterschaft 2018"]
[Site "Würzburg GER"]
[Date "2018.10.03"]
[Round "1"]
[White "Knüdel, Torben"]
[Black "Philipp, Mathias"]
[Result "1-0"]
[Termination "normal"]
[Board "2.3"]
[WhiteElo "2135"]
[BlackElo "2076"]
[WhiteClock "00:35:43"]
[BlackClock "00:12:11"]
[WhiteTeam "Niedersachsen"]
[BlackTeam "Thüringen"]
[PlyCount "61"]
[WhiteFideId "16208820"]
[BlackFideId "12958883"]
[EventCountry "GER"]
[EventRounds "7"]
[EventType "team-swiss"]
[EventDate "2018.10.02"]

1. e4 {[%clk 1:30:56]} d6 {[%clk 1:30:49]} 2. d4 {[%clk 1:31:07]} Nf6 {[%clk
1:31:12]} 3. Nc3 {[%clk 1:31:33]} Nbd7 {[%clk 1:31:38]} 4. g4 {[%clk 1:31:50]}
h6 {[%clk 1:31:48]} 5. h3 {[%clk 1:32:11]} e5 {[%clk 1:32:13]} 6. Nge2 {[%clk
1:32:25]} c6 {[%clk 1:30:16]} 7. Be3 {[%clk 1:32:14]} b5 {[%clk 1:28:04]} 8.
Ng3 {[%clk 1:32:18]} Bb7 {[%clk 1:19:30]} 9. Bg2 {[%clk 1:30:39]} Qc7 {[%clk
1:17:39]} 10. O-O {[%clk 1:28:44]} b4 {[%clk 1:12:41]} 11. Nce2 {[%clk
1:28:13]} g6 {[%clk 1:08:37]} 12. c3 {[%clk 1:20:57]} a5 {[%clk 1:01:14]} 13.
Qd2 {[%clk 1:19:54]} c5 {[%clk 0:51:22]} 14. f4 {[%clk 1:11:15]} exd4 {[%clk
0:41:26]} 15. cxd4 {[%clk 1:10:59]} h5 {[%clk 0:39:12]} 16. g5 {[%clk 1:04:49]}
h4 {[%clk 0:37:47]} 17. gxf6 {[%clk 1:04:50]} hxg3 {[%clk 0:38:11]} 18. Nxg3
{[%clk 1:00:11]} Nxf6 {[%clk 0:36:20]} 19. e5 {[%clk 0:57:02]} Nh5 {[%clk
0:32:37]} 20. Ne4 {[%clk 0:56:17]} O-O-O {[%clk 0:29:40]} 21. Rfc1 {[%clk
0:47:20]} Bxe4 {[%clk 0:20:33]} 22. Bxe4 {[%clk 0:47:34]} d5 {[%clk 0:21:00]}
23. Bf3 {[%clk 0:46:07]} c4 {[%clk 0:19:41]} 24. Qg2 {[%clk 0:46:24]} Qc6
{[%clk 0:19:35]} 25. Rxc4 {[%clk 0:45:34]} Qxc4 {[%clk 0:20:01]} 26. Rc1 {[%clk
0:46:01]} Kb8 {[%clk 0:15:40]} 27. Rxc4 {[%clk 0:43:21]} dxc4 {[%clk 0:16:08]}
28. Qc2 {[%clk 0:39:15]} Rc8 {[%clk 0:11:46]} 29. Qe4 {[%clk 0:36:00]} Kc7
{[%clk 0:11:49]} 30. Qb7+ {[%clk 0:35:54]} Kd8 {[%clk 0:12:11]} 31. d5 {[%clk
0:35:43]} 1-0

[Event "Deutsche Ländermeisterschaft 2018"]
[Site "Würzburg GER"]
[Date "2018.10.03"]
[Round "1"]
[White "Grund, Sebastian"]
[Black "Schulze, Lara"]
[Result "1/2-1/2"]
[Termination "normal"]
[Board "2.4"]
[BlackTitle "WFM"]
[WhiteElo "1992"]
[BlackElo "2066"]
[WhiteClock "00:03:35"]
[BlackClock "00:03:26"]
[WhiteTeam "Thüringen"]
[BlackTeam "Niedersachsen"]
[PlyCount "83"]
[WhiteFideId "12988626"]
[BlackFideId "12956830"]
[EventCountry "GER"]
[EventRounds "7"]
[EventType "team-swiss"]
[EventDate "2018.10.02"]

1. d4 {[%clk 1:30:55]} Nf6 {[%clk 1:30:57]} 2. Nf3 {[%clk 1:31:16]} e6 {[%clk
1:31:23]} 3. c4 {[%clk 1:31:41]} c5 {[%clk 1:31:49]} 4. d5 {[%clk 1:32:01]}
exd5 {[%clk 1:32:13]} 5. cxd5 {[%clk 1:32:25]} d6 {[%clk 1:32:39]} 6. Nc3
{[%clk 1:32:45]} g6 {[%clk 1:33:02]} 7. Nd2 {[%clk 1:33:07]} Bg7 {[%clk
1:31:18]} 8. e4 {[%clk 1:33:30]} O-O {[%clk 1:31:17]} 9. Be2 {[%clk 1:32:29]}
a6 {[%clk 1:25:17]} 10. a4 {[%clk 1:32:49]} Nbd7 {[%clk 1:25:35]} 11. O-O
{[%clk 1:33:09]} Ne8 {[%clk 1:21:03]} 12. Nc4 {[%clk 1:31:46]} Rb8 {[%clk
1:18:03]} 13. Bf4 {[%clk 1:27:52]} Qe7 {[%clk 1:11:38]} 14. a5 {[%clk 1:26:42]}
Ne5 {[%clk 1:07:49]} 15. f3 {[%clk 1:16:17]} Nxc4 {[%clk 1:01:22]} 16. Bxc4
{[%clk 1:16:39]} b5 {[%clk 1:01:02]} 17. axb6 {[%clk 1:16:56]} Rxb6 {[%clk
1:01:16]} 18. Qe2 {[%clk 1:16:33]} Nc7 {[%clk 0:53:50]} 19. Na4 {[%clk
1:10:50]} Rb4 {[%clk 0:51:24]} 20. Bd2 {[%clk 1:07:22]} Bd4+ {[%clk 0:45:07]}
21. Kh1 {[%clk 1:07:24]} Rb8 {[%clk 0:44:36]} 22. Bh6 {[%clk 0:53:13]} Re8
{[%clk 0:43:34]} 23. Nc3 {[%clk 0:53:00]} Bd7 {[%clk 0:40:05]} 24. Be3 {[%clk
0:52:17]} f5 {[%clk 0:32:49]} 25. Qf2 {[%clk 0:45:27]} Bb5 {[%clk 0:26:29]} 26.
Bxb5 {[%clk 0:38:47]} Bxe3 {[%clk 0:24:45]} 27. Qxe3 {[%clk 0:38:57]} axb5
{[%clk 0:25:07]} 28. Qf4 {[%clk 0:38:33]} b4 {[%clk 0:23:30]} 29. Ne2 {[%clk
0:34:47]} Qe5 {[%clk 0:18:24]} 30. exf5 {[%clk 0:29:03]} Nxd5 {[%clk 0:14:49]}
31. Qc4 {[%clk 0:24:45]} gxf5 {[%clk 0:11:06]} 32. Nf4 {[%clk 0:20:33]} Qxf4
{[%clk 0:11:20]} 33. Qxd5+ {[%clk 0:20:57]} Kh8 {[%clk 0:08:44]} 34. Ra7 {[%clk
0:15:57]} Qh6 {[%clk 0:07:28]} 35. Qxf5 {[%clk 0:13:53]} Qg6 {[%clk 0:07:48]}
36. Qxg6 {[%clk 0:05:38]} hxg6 {[%clk 0:08:00]} 37. h4 {[%clk 0:05:51]} Re2
{[%clk 0:06:11]} 38. Rd7 {[%clk 0:03:04]} Rxb2 {[%clk 0:03:20]} 39. Re1 {[%clk
0:02:54]} b3 {[%clk 0:03:27]} 40. Ree7 {[%clk 0:02:50]} Rb1+ {[%clk 0:03:11]}
41. Kh2 {[%clk 0:03:14]} b2 {[%clk 0:03:26]} 42. Rh7+ {[%clk 0:03:35]} 1/2-1/2

[Event "Deutsche Ländermeisterschaft 2018"]
[Site "Würzburg GER"]
[Date "2018.10.03"]
[Round "1"]
[White "Reuter, Elisa"]
[Black "Hommer, Jeremy"]
[Result "1/2-1/2"]
[Termination "normal"]
[Board "2.6"]
[WhiteElo "1786"]
[BlackElo "1983"]
[WhiteClock "00:18:09"]
[BlackClock "00:07:38"]
[WhiteTeam "Thüringen"]
[BlackTeam "Niedersachsen"]
[PlyCount "89"]
[WhiteFideId "12995444"]
[BlackFideId "12992577"]
[EventCountry "GER"]
[EventRounds "7"]
[EventType "team-swiss"]
[EventDate "2018.10.02"]

1. e4 {[%clk 1:30:58]} c6 {[%clk 1:30:49]} 2. d4 {[%clk 1:31:23]} d5 {[%clk
1:31:13]} 3. exd5 {[%clk 1:31:50]} cxd5 {[%clk 1:31:36]} 4. c4 {[%clk 1:32:14]}
Nf6 {[%clk 1:31:49]} 5. Nc3 {[%clk 1:32:34]} Nc6 {[%clk 1:30:58]} 6. Nf3 {[%clk
1:32:35]} e6 {[%clk 1:18:33]} 7. c5 {[%clk 1:32:29]} Ne4 {[%clk 1:03:02]} 8.
Qc2 {[%clk 1:26:42]} Qa5 {[%clk 0:58:05]} 9. Bd2 {[%clk 1:23:49]} Nxd2 {[%clk
0:57:55]} 10. Qxd2 {[%clk 1:24:13]} Bd7 {[%clk 0:49:54]} 11. Bb5 {[%clk
1:22:44]} Be7 {[%clk 0:47:10]} 12. O-O {[%clk 1:21:33]} Qc7 {[%clk 0:45:06]}
13. Bxc6 {[%clk 1:19:14]} bxc6 {[%clk 0:43:34]} 14. b4 {[%clk 1:19:07]} a5
{[%clk 0:41:18]} 15. a3 {[%clk 1:17:38]} Qa7 {[%clk 0:35:42]} 16. Rab1 {[%clk
1:14:47]} axb4 {[%clk 0:24:36]} 17. axb4 {[%clk 1:15:08]} Rb8 {[%clk 0:24:15]}
18. Ne5 {[%clk 1:09:14]} O-O {[%clk 0:23:52]} 19. Ra1 {[%clk 1:05:00]} Qb7
{[%clk 0:21:47]} 20. Rfb1 {[%clk 1:03:25]} Ra8 {[%clk 0:20:58]} 21. Na4 {[%clk
0:48:01]} Bd8 {[%clk 0:21:10]} 22. Qb2 {[%clk 0:47:16]} Be8 {[%clk 0:18:06]}
23. Nc3 {[%clk 0:45:01]} Rb8 {[%clk 0:17:55]} 24. Ra3 {[%clk 0:42:25]} f6
{[%clk 0:14:27]} 25. Nd3 {[%clk 0:40:34]} Bg6 {[%clk 0:14:50]} 26. Qe2 {[%clk
0:38:33]} e5 {[%clk 0:12:06]} 27. dxe5 {[%clk 0:37:39]} fxe5 {[%clk 0:12:30]}
28. Rb2 {[%clk 0:36:57]} Bxd3 {[%clk 0:12:32]} 29. Qxd3 {[%clk 0:37:18]} e4
{[%clk 0:12:26]} 30. Qd2 {[%clk 0:32:26]} Bh4 {[%clk 0:11:29]} 31. Nd1 {[%clk
0:31:46]} Qf7 {[%clk 0:10:07]} 32. Qe2 {[%clk 0:22:38]} d4 {[%clk 0:08:58]} 33.
g3 {[%clk 0:21:56]} Qg6 {[%clk 0:07:06]} 34. Rbb3 {[%clk 0:10:26]} Rbe8 {[%clk
0:07:00]} 35. Qc4+ {[%clk 0:09:28]} Kh8 {[%clk 0:05:30]} 36. Qxd4 {[%clk
0:09:25]} Rd8 {[%clk 0:05:16]} 37. Qa1 {[%clk 0:09:34]} Bf6 {[%clk 0:03:40]}
38. Qb1 {[%clk 0:08:51]} Bd4 {[%clk 0:01:44]} 39. Ne3 {[%clk 0:08:36]} Qf7
{[%clk 0:00:58]} 40. Qe1 {[%clk 0:05:41]} Qf3 {[%clk 0:00:33]} 41. Rb1 {[%clk
0:05:02]} Rd7 {[%clk 0:15:22]} 42. Ra2 {[%clk 0:30:31]} Rfd8 {[%clk 0:12:59]}
43. Qe2 {[%clk 0:28:52]} Bc3 {[%clk 0:07:09]} 44. Qxf3 {[%clk 0:17:50]} exf3
{[%clk 0:07:38]} 45. h4 {[%clk 0:18:09]} *